Hội thảo khoa học quyền tự chủ của cơ sở giáo dục - đào tạo trong bối cảnh đổi mới giáo dục Tây Ninh, 29 -30/ 09/2017
محفوظ في:
| مؤلف مشترك: | |
|---|---|
| التنسيق: | كتاب |
| منشور في: |
Hà Nội
Hội khoa học tâm lý - giáo dục Việt Nam
2017
|
| الموضوعات: | |
| الوسوم: |
إضافة وسم
لا توجد وسوم, كن أول من يضع وسما على هذه التسجيلة!
|
| Thư viện lưu trữ: | Trung tâm Học liệu Lê Vũ Hùng, Trường Đại học Đồng Tháp |
|---|
| LEADER | 00873pam a22002178a 4500 | ||
|---|---|---|---|
| 001 | 00041898 | ||
| 005 | 20180808150806.0 | ||
| 008 | 170514s2008 ||||||Viesd | ||
| 041 | 0 | # | |a Vie |
| 082 | 1 | 4 | |a 370 |b H452TH |
| 110 | 1 | # | |a Hội khoa học tâm lý - giáo dục Việt Nam |
| 245 | 1 | 0 | |a Hội thảo khoa học quyền tự chủ của cơ sở giáo dục - đào tạo trong bối cảnh đổi mới giáo dục |b Tây Ninh, 29 -30/ 09/2017 |
| 260 | # | # | |a Hà Nội |c 2017 |b Hội khoa học tâm lý - giáo dục Việt Nam |
| 300 | # | # | |c 30 cm |b minh hoạ |a 300 tr. |
| 653 | # | # | |a Giáo dục |
| 653 | # | # | |a Hội thảo khoa học |
| 653 | # | # | |a Tự chủ |
| 653 | # | # | |a Đổi mới |
| 852 | # | # | |j KD.0024543 |
| 910 | |d 08/08/2018 | ||
| 980 | # | # | |a Trung tâm Học liệu Lê Vũ Hùng, Trường Đại học Đồng Tháp |